Money and Banking : analysis and Policy (Record no. 241870)

000 -LEADER
fixed length control field 00223 a2200097 4500
001 - CONTROL NUMBER
control field 6797
090 ## - LOCALLY ASSIGNED LC-TYPE CALL NUMBER (OCLC); LOCAL CALL NUMBER (RLIN)
-- 5619
-- 5619
100 ## - MAIN ENTRY--PERSONAL NAME
Personal name Whittlesey, C R
245 ## - TITLE STATEMENT
Title Money and Banking : analysis and Policy
260 ## - PUBLICATION, DISTRIBUTION, ETC.
Place of publication, distribution, etc.
Name of publisher, distributor, etc. Macmillan
Date of publication, distribution, etc.
942 ## - ADDED ENTRY ELEMENTS (KOHA)
Institution code [OBSOLETE] NUST-CAE
Koha item type
--
Holdings
Withdrawn status Lost status Damaged status Not for loan Collection code Permanent Location Current Location Date acquired Total Checkouts Barcode Date last seen Price effective from Koha item type
          College of Aeronautical Engineering (CAE) College of Aeronautical Engineering (CAE) 04/03/2017   CAE15550 04/05/2017 04/05/2017 Book
© 2023 Central Library, National University of Sciences and Technology. All Rights Reserved.